000 00933nam0a22002651 4500
001 rc\3041554
005 20250810062058.0
035 _a(NLR Aleph) 007181754
090 _a7448543
_c7448543
100 _a20111006d1941 u y0rusy50 ca
101 0 _arus
102 _aRU
105 _aa z |||||
200 1 _aОрганизация ателье бытового обслуживания
_fК.Е. Эренбург
210 _aМосква
_aЛенинград
_cГизместпром РСФСР
_d1941
_eЛенинград
215 _a24 с.
_cил., табл.
_d21 см
225 1 _aБиблиотека работника местной промышленности
700 1 _aЭренбург
_bК.Е.
801 0 _aRU
_bNLR
_gpsbo
801 1 _aRU
_bELAR
_2rusmarc
852 _aNLR
_jТ98 Г-4/6
942 _cBOOK
945 _aРоссийская национальная библиотека
980 _aNB
980 _aBV